| 000 | 00867nam a2200241Ia 4500 | ||
|---|---|---|---|
| 008 | 130821s2005 mx a gr spa | ||
| 020 | _a9706864245 | ||
| 040 |
_aCo-BoUCM _bspa |
||
| 041 | 0 | 0 | _aspa |
| 100 | 1 |
_aHall, Robert E. _9162691 |
|
| 245 | 1 | 0 |
_aMicroeconomía principios y aplicaciones _cRobert E. Hall, Marc Liberman; traducción de Roberto Luis Escalona García |
| 250 | _a3a. Ed. | ||
| 260 |
_aMéxico D.F. (México) _bThomson _c2005 |
||
| 300 |
_axxi, 625 páginas _bilustraciones, cuadros, tablas |
||
| 504 | _aIncluye índice. | ||
| 650 | 0 | 4 |
_aEconomía _9174 |
| 650 | 0 | 4 |
_aMicroeconomía _919488 |
| 650 | 0 | 4 |
_aPolítica financiera _921985 |
| 700 | 1 |
_aESCALONA GARCIA, Roberto Luis _etrad. _9162692 |
|
| 765 | 1 | 0 | _aMicroeconomics principles and applications. |
| 942 |
_cLIBRO _a7 _e3 _mH174m _2DEWEY _h338.5 |
||
| 999 |
_c49338 _d49338 |
||